Statistics for Lana Del Rey - If You Lie Down With Me

Click here to take the quiz!

General Stats

  • This quiz has been taken 14 times
  • The average score is 222 of 270

Answer Stats

Answer% Correct
a
100%
all
100%
around
100%
Baby,
100%
Baby
100%
Dance
100%
dance
100%
do
100%
I
100%
lie
100%
Like
100%
like
100%
me
100%
on
100%
Put
100%
red
100%
the
100%
to
100%
up
100%
you
100%
your
100%
And
92%
and
92%
ballerina,
92%
boots
92%
both
92%
breath
92%
Don't
92%
don't
92%
down
92%
guy
92%
high
92%
If
92%
know
92%
moon
92%
Once,
92%
over
92%
say
92%
Spin
92%
super
92%
that
92%
three
92%
times
92%
twice,
92%
twice
92%
we
92%
when
92%
When
92%
whiskey
92%
you're
92%
4th
83%
ever
83%
giddy
83%
July
83%
Light
83%
meet,
83%
of
83%
room
83%
so
83%
thought
83%
with
83%
Be
75%
Get
75%
gets
75%
holiday
75%
next
75%
Talk
75%
treat
75%
way
75%
what
75%
would
75%
ain't
67%
best
67%
her
67%
I'll
67%
Just
67%
Twirl
67%
wants
67%
already
58%
gentleman
58%
it's
58%
late
58%
right
58%
too
58%
'Cause
50%
for
50%
jacket
50%
long
50%
pick
50%
they
50%
8
42%
at
42%
built
42%
truck
42%
were
42%
Dreamy
33%
lying
33%
nights
33%
stowaway
33%
train
33%
Burnt
25%
by
25%
cry
25%
fire
25%
haul
25%
into
25%
Lie, lie
25%
sick
25%
6
17%
freight
17%
i'm
17%
til
17%
Without
17%
Lie, lie, lie, lie, lie, lie, lie,
8%
trial,
8%
Lie, you lie
0%

Score Distribution

Percentile by Number Answered

Percent of People with Each Score

Your Score History

You have not taken this quiz